| 000 | 00482nam a2200193 a 4500 | ||
|---|---|---|---|
| 005 | 20140311161030.0 | ||
| 008 | 080130s19uu xx 00 eng d | ||
| 020 | _a0071466649 | ||
| 050 |
_aHF 5438.25 _b.Su835 2006 |
||
| 100 | _aSugars, Bradley J. | ||
| 245 | _aInstant sales. / | ||
| 260 |
_aNew York : _bMcGraw-Hill, _c2006. |
||
| 300 |
_a179 p. : _bill. ; _c23 cm. |
||
| 521 | _aBSBA | ||
| 650 | _aSelling. | ||
| 942 |
_cBK _2lcc _kFOR |
||
| 999 |
_c22889 _d22889 |
||